Treinadores Campeões do Brasileirão no Século - Statistics

Estatísticas Gerais
  • Esse quiz foi jogado 102 vezes
  • A pontuação média é 17 de 24
Estatísticas das Respostas
Ano Time Treinador % Correto
2022 Palmeiras Abel Ferreira
99%
2023 Palmeiras Abel Ferreira
99%
2016 Palmeiras Cuca
94%
2021 Atlético Mineiro Cuca
94%
2019 Flamengo Jorge Jesus
94%
2011 Corinthians Tite
92%
2015 Corinthians Tite
92%
2003 Cruzeiro Vanderlei Luxemburgo
81%
2004 Santos Vanderlei Luxemburgo
81%
2012 Fluminense Abel Braga
80%
2020 Flamengo Rogério Ceni
78%
2006 São Paulo Muricy Ramalho
76%
2007 São Paulo Muricy Ramalho
76%
2008 São Paulo Muricy Ramalho
76%
2010 Fluminense Muricy Ramalho
76%
2018 Palmeiras Luiz Felipe Scolari
75%
2017 Corinthians Fábio Carille
74%
2013 Cruzeiro Marcelo Oliveira
65%
2014 Cruzeiro Marcelo Oliveira
65%
2009 Flamengo Andrade
45%
2005 Corinthians Antônio Lopes
39%
2002 Santos Emerson Leão
34%
2000 Vasco da Gama Joel Santana
32%
2001 Athletico Paranaense Geninho
26%
Nenhum quiz correspondente encontrado
Distribuição das Pontuações
Porcentagem de Pessoas com Cada Pontuação
Percentil de Números Respondidos
Sua Pontuação Histórica
Você não jogou esse quiz